| 000 | 00486nam a22001937a 4500 | ||
|---|---|---|---|
| 005 | 20260202163503.0 | ||
| 008 | 260202b |||||||| |||| 00| 0 eng d | ||
| 020 |
_a9789360617165 _cRs. 3395.00 |
||
| 040 | _aMAIN | ||
| 082 |
_a574.87 _bA31E |
||
| 100 | _aAsh, Maurice | ||
| 245 | _aEssentials of cell biology | ||
| 260 |
_bPinakin Publishing _c2026 _aNew Delhi |
||
| 300 | _aviii, 280 | ||
| 650 | _aBiology | ||
| 650 | _aCell Biology | ||
| 650 | _aCell Metabolism | ||
| 942 | _cBK | ||
| 999 |
_c394060 _d394060 |
||